| Virtuální polytechnická knihovna - Souborný katalog - Úplný záznam dokumentu - MARC |
Uživatel: --- |
-----nas 22-----zu 4500
001 SKVPK0031904
003 CZ-VPK
005 20260424102317.0
008 260424d19561963||||| | ||| || |||||||
022 $a0546-8981
040 $aABA013$bcze
222 0$aNuclear Power
245 00$aNuclear Power
260 $aVelká Británie :$bLondon : Rowse Muir Publ.,,$c1956-1963
650 07$afyzika$xfy$2psh
780 00$tNuclear Engineering$x0369-6405
910 $aABA013$r1956-1963
| čtvrtek 14.05.2026 00:04:34 |
© 2001-2015 Národní technická knihovna |
[Virtuální polytechnická knihovna]
[Servisní centrum]
[Souborný katalog]